000 00495nam a2200181Ia 4500
008 240925s9999 xx 000 0 und d
020 _a9789834710453
082 _a332.1091767 HAS
100 _aHasan, Zubair
245 0 _aIslamic Banking and Finance: an integrative approach
250 _aNA
260 _aKarachi:
_bOxford University Press
_c,2014.
300 _a388p.
_b0
_fOriginal
500 _aIncludes Index
600 _aSocial Sciences
650 _aSocial Sciences
942 _cBK
999 _c16661
_d16661